000 01135cam a2200289 a 4500
999 _c7067
_d7067
001 1144270
003 OSt
005 20210831164047.0
008 950626s1996 nyua b 001 0 eng
010 _a 95032955
020 _a0471109401 (cloth : alk. paper)
040 _aDLC
_cDDC
_dDLC
050 0 0 _aSD387.S86
_bS48 1996
082 0 0 _a580.7SHI1996
100 1 _aShiver, Barry Dexter,Borders,Bruce E.
_d1956-
_914556
245 1 0 _aSampling techniques for forest resource inventory /
_cEdited by Shiver,Barry D., Borders,Bruce E.
260 _aNew York :
_bWiley,
_cc1996.
300 _axii, 356 p. :
_bill. ;
_c24 cm.
504 _aIncludes bibliographical references and index.
650 0 _aBiology
_95602
700 1 _aBorders, Bruce E.
_q(Bruce Edward),
_d1956-
_914558
856 4 2 _3Publisher description
_uhttp://www.loc.gov/catdir/description/wiley031/95032955.html
856 4 _3Table of Contents
_uhttp://www.loc.gov/catdir/toc/onix01/95032955.html
906 _a7
_bcbc
_corignew
_d1
_eocip
_f19
_gy-gencatlg
942 _2ddc
_cO_SHELF